000 01015nas a2200313 4500
001 BR2018002684
003 BR-BrBNA
005 20231205131517.0
007 ta
008 230509b bl.|||p| |||| 00| 00por d
040 _aBR-BrBNA
_bpor
_cBiblioteca Nacional de Agricultura
041 _a(En)
072 _aE70
100 1 _aGonçalves, T.L.
100 1 _aChristofari, L.F.
100 1 _aOaigen, R.P.
100 1 _aBertodo, G.O.
100 1 _aBarcellos, J.O.J.
100 1 _aBastos, G. de M.
245 1 _aPhenotypic and genotypic characteristics on calves' sale price on the western border of the state of Rio Grande do Sul, Brazil
650 _aAGRONEGÓCIO
650 _aGADO DE CORTE
650 _aPESQUISA DE MERCADO
650 _aLEILÃO
773 0 _tCiência Rural (Brazil)
_xISSN 1678-4596
_g(2018), v. 48(4) p. 1-5
_wBR2018002684
856 4 0 _uhttp://www.scielo.br/pdf/cr/v48n4/0103-8478-cr-48-04-e20170283.pdf
909 _a202311
_bLúcia
_c55
_dLúcia Elande
942 _2AGRIS
_n0
_cANA
999 _c255206
_d255206